Statistics for Towns beginning with F: guess the country

Click here to take the quiz!

General Stats

  • This quiz has been taken 15 times
  • The average score is 13 of 20

Answer Stats

QuestionAnswer% Correct
FrankfurtGermany
100%
Fukui-shiJapan
100%
FezMorocco
100%
FreetownSierra Leone
100%
Fort WorthUSA
100%
FoshanChina
93%
Frydek-MistekCzech Republic
93%
Fernando de la MoraParaguay
86%
FakakakaiTonga
79%
FoumbanCameroon
64%
FlorianopolisBrazil
57%
FianarantsoaMadagascar
57%
Font-Romeu-Odeilla-ViaFrance
50%
FerganaUzbekistan
50%
FrancistownBotswana
43%
Fier-CifciAlbania
36%
FaridpurBangladesh
36%
FuenlabradaSpain
36%
FusagasugaColombia
29%
FaridabadIndia
21%

Score Distribution

Percentile by Number Answered

Percent of People with Each Score

Your Score History

You have not taken this quiz